[Event "FIN-chT 9697"]
[Site "FIN"]
[Date "1997.??.??"]
[Round "7.4"]
[White "Luukkonen, Tommi"]
[Black "Tikkanen, Kari"]
[Result "0-1"]
[WhiteElo "2100"]
[BlackElo "2265"]

1.e4 e6 2.d4 d5 3.Nc3 Nf6 4.e5 Nfd7 5.f4 c5 6.Nf3 Nc6 7.Be3 a6 8.Qd2 cxd4
9.Nxd4 Bc5 10.Nb3 Be7 11.Bd3 b5 12.Qf2 Rb8 13.O-O g6 14.Rae1 Nb6 15.Nd4 Nxd4
16.Bxd4 Nc4 17.Nd1 Na5 18.Kh1 Nc6 19.Bc5 Bxc5 20.Qxc5 Qb6 21.Qd6 Ne7 22.Ne3 Kf8
23.Qb4 a5 24.Qd2 h5 25.Qf2 b4 26.Qh4 Ba6 27.Qf6 Rh7 28.Bxa6 Ng8 29.Qg5 Qxa6
30.f5 gxf5 31.Nxf5 exf5 32.Qxf5 Rg7 33.e6 f6 34.Qxh5 Qc4 35.Qe5 Re8 36.Rf4 Qc7
37.Qf5 Qc6 38.Rh4 d4 39.Re2 d3 40.Qxd3 Rxe6 41.Rhe4 Rxe4 42.Rxe4 Rd7 43.Qe2 Qxe4  0-1

[Event "FIN-chT 9697"]
[Site "FIN"]
[Date "1997.??.??"]
[Round "8.2"]
[White "Pulkkinen, Kari"]
[Black "Tuominen, Risto"]
[Result "1-0"]
[WhiteElo "2345"]
[BlackElo "2105"]

1.e4 e6 2.d4 d5 3.Nc3 Nf6 4.e5 Nfd7 5.f4 c5 6.Nf3 Nc6 7.Be3 Be7 8.Qd2 a6
9.dxc5 Bxc5 10.Bxc5 Nxc5 11.Bd3 b5 12.Qf2 Qb6 13.O-O Rb8 14.Ne2 Nxd3 15.cxd3 Nb4
16.Rfd1 Qxf2+ 17.Kxf2 O-O 18.Ned4 Bd7 19.a3 Nc6 20.Nxc6 Bxc6 21.Rdc1 Rfc8
22.b4 Bb7 23.Nd4 Kf8 24.Ke3 Ke7 25.Kd2 g6 26.Rxc8 Rxc8 27.Rc1 Rxc1 28.Kxc1 Kd7
29.Kd2 Kc7 30.Ke3 Kb6 31.g4 Bc8 32.f5 exf5 33.gxf5 Kc7 34.f6 Kd7 35.Kf4 h6
36.h4 Ke8 37.Nb3 Bf5 38.Ke3 g5 39.hxg5 hxg5 40.Nc5 Bc8 41.Kd4 g4 42.Ke3 Kf8
43.Kf4 Kg8 44.Nb3 Kh7 45.Nd4 Bd7 46.Nc2 Kg6 47.Ne3 Kh5 48.Nxd5 Kh4 49.Ne3 g3
50.d4 Be6 51.d5 Bxd5 52.Nf5+ Kh5 53.Nxg3+ Kg6 54.Nf5 Be6 55.Nd6 Bd5 56.Ne4 Be6
57.Nc5 Bc8 58.Ke4 Kg5 59.Kd5 Kf5 60.Kd6 Kg6 61.Ke7 Bg4 62.e6  1-0

[Event "FIN-chT 9697"]
[Site "FIN"]
[Date "1997.??.??"]
[Round "9.2"]
[White "Pulkkinen, Kari"]
[Black "Manninen, Marko"]
[Result "1/2-1/2"]
[WhiteElo "2345"]
[BlackElo "2380"]

1.e4 e6 2.d4 d5 3.Nc3 Nf6 4.e5 Nfd7 5.f4 c5 6.Nf3 Nc6 7.Be3 a6 8.Qd2 b5 9.dxc5 Bxc5
10.Bxc5 Nxc5 11.Qf2 Qb6 12.Bd3 Rb8 13.O-O Nb4 14.Rfd1 Bd7 15.Ne2 h6 16.Ned4 O-O
17.Kh1 Rfc8 18.Qd2 a5 19.g4 Rc7 20.f5 Rbc8 21.Qf4 Ne4 22.f6 Nxd3 23.cxd3 Nf2+
24.Kg2 Nxd1 25.Rxd1 Rc2+ 26.Nxc2 Rxc2+ 27.Rd2 Rxd2+ 28.Qxd2 d4 29.fxg7 Kxg7
30.Qf4 Bc6 31.Qf6+ Kg8 32.Qxh6 Qc5 33.Qg5+ Kf8 34.Kg3 Bxf3 35.Kxf3 Qc2 36.Qd8+ Kg7
37.Qxd4 Qxh2 38.a3 Qh3+ 39.Ke2 Qg2+ 40.Ke1 Qh1+ 41.Kd2 Qg2+ 42.Kc3 Qc6+ 43.Kb3 Qc1
44.Ka2 Qd1 45.Qd8  1/2-1/2

[Event "FIN-chT 9798"]
[Site "Finland"]
[Date "1997.??.??"]
[Round "3"]
[White "Maki, Veijo"]
[Black "Kallio, Heikki"]
[Result "1/2-1/2"]
[WhiteElo "2395"]
[BlackElo "2240"]

1.e4 e6 2.d4 d5 3.Nc3 Nf6 4.e5 Nfd7 5.f4 c5 6.Nf3 Nc6 7.Be3 a6 8.Qd2 b5 9.dxc5 Bxc5
10.Bxc5 Nxc5 11.Nd4 Bd7 12.Nxc6 Bxc6 13.Ne2 Ne4 14.Qd4 Rc8 15.O-O-O Qa5 16.Kb1 b4
17.Nc1 Ba4 18.Nb3 Bxb3 19.cxb3 O-O 20.Bd3 Nc5 21.Bc2 Nd7 22.Qd3 f5 23.exf6 Nxf6
24.Qe2 Rc6 25.Bd3 Rfc8 26.Rc1 Rxc1+ 27.Rxc1 Rxc1+ 28.Kxc1 Qc7+ 29.Kb1 Kf7
30.g3 a5 31.a3 g6 32.Ka2 Nd7 33.h4 Qc1 34.h5 Nc5 35.hxg6+ hxg6 36.Bb1 d4
37.Qe5 d3 38.Qc7+ Ke8 39.Qc8+ Kf7 40.Qc7+ Ke8 41.Qc8+ Ke7 42.Qc7+ Ke8  1/2-1/2

[Event "FIN-chT 9798"]
[Site "Finland"]
[Date "1997.??.??"]
[Round "5"]
[White "Keskisarja, Teemu"]
[Black "Kallio, Heikki"]
[Result "0-1"]
[WhiteElo "2315"]
[BlackElo "2240"]

1.e4 e6 2.d4 d5 3.Nc3 Nf6 4.e5 Nfd7 5.f4 c5 6.Nf3 Nc6 7.Be3 a6 8.Qd2 b5 9.dxc5 Bxc5
10.Bxc5 Nxc5 11.Qf2 Qb6 12.Bd3 Bb7 13.O-O b4 14.Ne2 Na4 15.Qxb6 Nxb6 16.Nfd4 Na4
17.Rab1 Nc5 18.Nxc6 Bxc6 19.Nd4 Bd7 20.Kf2 Ke7 21.Ke3 f6 22.Rbc1 Rab8 23.Rf2 Rhc8
24.g4 Nxd3 25.Kxd3 fxe5 26.fxe5 Rf8 27.Rxf8 Rxf8 28.c3 bxc3 29.Rxc3 Rf4 30.h3 Rf2
31.Rc2 Rf1 32.Kc3 Rh1 33.Kb4 Rxh3 34.Ka5 Rg3 35.Kxa6 Rxg4 36.Rd2 h5 37.b4 h4
38.b5 h3 39.b6 Rg2 40.Rxg2 hxg2 41.Ne2 Bc6 42.a4 Kd7 43.a5 d4  0-1

[Event "FRA-chT9697 groupe B"]
[Site "France"]
[Date "1997.??.??"]
[Round "2"]
[White "Goldgewicht, Lionel"]
[Black "Chaudagne, Christophe"]
[Result "1/2-1/2"]
[WhiteElo "2335"]
[BlackElo "2075"]

1.e4 e6 2.d4 d5 3.Nc3 Nf6 4.e5 Nfd7 5.f4 c5 6.Nf3 Nc6 7.Be3 cxd4 8.Nxd4 Qb6
9.Qd2 Qxb2 10.Rb1 Qa3 11.Bb5 Nxd4 12.Bxd4 Bb4 13.O-O a6 14.Rb3 Qa5 15.Rfb1 Be7
16.Bxd7+ Bxd7 17.Rxb7 Rc8 18.Kh1 Rc4 19.R1b3 Qd8 20.Ra7 Qc8 21.Rbb7 Rxd4
22.Qxd4 Bc5 23.Qd3 Bxa7 24.Rxa7 O-O 25.Rxa6 Qb8 26.h3 Qb2 27.Kh2 Rc8 28.Nd1 Qc1
29.Ne3 Bb5 30.Qxb5 Qxe3 31.Ra4 d4 32.Qd7 Qxf4+ 33.Kg1 Qe3+ 34.Kh1 Qe1+ 35.Kh2 Qxe5+
36.Kg1 Qe3+ 37.Kh2 Qf4+ 38.Kg1 Qc1+ 39.Kh2 Qxc2 40.Ra7 Rf8 41.Qxd4 Qb1 42.Qf4 Qb8
43.Qxb8 Rxb8 44.a4 g6 45.Kg3 Rb4 46.a5 Kg7 47.a6 Ra4 48.Kf3 Kf6 49.Ke3 e5
50.Ra8 h5 51.Ra7 Ke6 52.Kf3 h4 53.Ra8 Kf5 54.a7 f6 55.Rh8 Rxa7 56.Rxh4 Ra3+
57.Kf2 Ra2+ 58.Kf3 Ra3+ 59.Kf2 Kg5 60.Rg4+ Kh5 61.Re4 Rd3 62.Ra4 Rd5 63.Kf3 Kg5
64.Rg4+ Kh6 65.Rh4+ Kg7 66.Ra4 f5 67.Ra6 Rd3+ 68.Ke2 Rb3 69.Re6 e4 70.Kf2 Kh6
71.Ke2 Kh5 72.Kf2 Kg5 73.Ke2 Rg3 74.Kf2 Kf4 75.Kf1 g5 76.Rb6 Ra3 77.Rb5 Ke3
78.Kg1 f4 79.Rxg5 Ra1+ 80.Kh2 Kf2 81.Rf5 f3 82.h4 Rg1 83.gxf3  1/2-1/2

[Event "Frydek-Mistek (Women)"]
[Site "Frydek-Mistek"]
[Date "1997.??.??"]
[Round "?"]
[White "Semenova, Irina"]
[Black "Kiseleva, Natalia"]
[Result "1/2-1/2"]
[WhiteElo "2255"]
[BlackElo "2350"]

1.e4 e6 2.d4 d5 3.Nc3 Nf6 4.e5 Nfd7 5.f4 c5 6.Nf3 Nc6 7.Be3 a6 8.Qd2 b5 9.dxc5 b4
10.Ne2 Nxc5 11.Ng3 Be7 12.Qf2 Qa5 13.b3 Bd7 14.Bd3 g6 15.O-O Rc8 16.Kh1 h5
17.Ne2 Na7 18.Nfd4 Qb6 19.Qg3 Bb5 20.Nxb5 Nxb5 21.a4 Na7 22.Rad1 Qb7 23.Bxc5 Rxc5  1/2-1/2

[Event "Frydek-Mistek (Women)"]
[Site "Frydek-Mistek"]
[Date "1997.??.??"]
[Round "?"]
[White "Semenova, Irina"]
[Black "Radziewicz, Iweta"]
[Result "0-1"]
[WhiteElo "2255"]
[BlackElo "2220"]

1.e4 e6 2.d4 d5 3.Nc3 Nf6 4.e5 Nfd7 5.f4 c5 6.Nf3 Nc6 7.Be3 a6 8.Qd2 b5 9.dxc5 Bxc5
10.Bxc5 Nxc5 11.Qf2 Qb6 12.Bd3 b4 13.Ne2 a5 14.O-O Ba6 15.Kh1 Ne7 16.Ng3 g6
17.Ne2 Na4 18.Qxb6 Nxb6 19.Bxa6 Rxa6 20.a3 bxa3 21.Rxa3 Nc4 22.Rb3 O-O 23.Rb7 Nc6
24.Ned4 Nxd4 25.Nxd4 Rb6 26.Rxb6 Nxb6 27.Ra1 a4 28.Kg1 Rc8 29.Kf2 Nc4 30.Ra2 Ra8
31.Ke2 Kg7 32.g3 h5 33.Kd3 h4 34.b3 Nb6 35.bxa4 g5 36.Ra1 Kg6  0-1

[Event "Oberliga Sued W9697"]
[Site "GER"]
[Date "1997.??.??"]
[Round "?"]
[White "Pax, Horst"]
[Black "Bode, Ulf"]
[Result "0-1"]
[WhiteElo "2170"]
[BlackElo "2230"]

1.e4 e6 2.d4 d5 3.Nc3 Nf6 4.e5 Nfd7 5.f4 c5 6.Nf3 Nc6 7.Be3 Qb6 8.Na4 Qa5+
9.c3 cxd4 10.b4 Qc7 11.Nxd4 Nxd4 12.Bxd4 Nb8 13.a3 Nc6 14.Be3 g5 15.g3 gxf4
16.gxf4 Be7 17.h4 b6 18.Rc1 Bb7 19.Rh3 O-O-O 20.Bd3 Kb8 21.Qc2 Rhg8 22.c4 dxc4
23.Bxc4 Nd4 24.Qf2 Rg2  0-1

[Event "BL9697 (Women)"]
[Site "Germany"]
[Date "1997.??.??"]
[Round "?"]
[White "Schaefer, Anke"]
[Black "Zielinska, Marta"]
[Result "1/2-1/2"]
[WhiteElo "2155"]
[BlackElo "2250"]

1.e4 e6 2.d4 d5 3.Nc3 Nf6 4.e5 Nfd7 5.f4 c5 6.Nf3 Nc6 7.Be3 a6 8.Qd2 b5 9.dxc5 Bxc5
10.Bxc5 Nxc5 11.Qf2 Qb6 12.Bd3 b4 13.Ne2 a5 14.O-O Ba6 15.Kh1 Na4 16.Qg3 g6
17.Rab1 Rc8 18.Qh4 Bxd3 19.cxd3 Qe3 20.Qf6 Rf8 21.Rfe1 Nc5 22.Ned4 Qxd3 23.Rbd1 Qa6
24.Nxc6 Rxc6 25.Ng5 Nd3 26.Rxd3 Qxd3 27.Nxh7 Qd2 28.Rg1 Rc1 29.h3 Qxb2 30.Nxf8 Rxg1+
31.Kxg1 Kxf8 32.Qd8+ Kg7 33.Qf6+  1/2-1/2

[Event "BL2-N9697"]
[Site "Germany"]
[Date "1997.??.??"]
[Round "?.8"]
[White "Kreuzholz, Michael"]
[Black "Giehring, Sebastian"]
[Result "0-1"]
[WhiteElo "2260"]
[BlackElo "2240"]

1.e4 e6 2.d4 d5 3.Nc3 Nf6 4.e5 Nfd7 5.f4 c5 6.Nf3 Nc6 7.Be3 Qb6 8.Na4 Qa5+
9.c3 b6 10.Bd2 c4 11.b4 Qa6 12.Nb2 b5 13.g4 Qa3 14.Rb1 a5 15.bxa5 b4 16.Qc1 bxc3
17.Bxc3 Bb4 18.Nd1 Rxa5 19.Qd2 Bxc3 20.Nxc3 Nb4 21.Be2 Nb6 22.O-O Na4 23.Rfc1 O-O
24.Bd1 Nd3 25.Nxa4 Rxa4 26.Rc2 Ra7 27.Rb8 Bd7 28.Rxf8+ Kxf8 29.Rc3 Qa5 30.f5 exf5
31.gxf5 Bxf5 32.Qg5 Ra8 33.Rc2 Bg6 34.Re2 Re8 35.Qg4 Qb6 36.Ng5 h6 37.Nh3 Be4
38.Bc2 Qxd4+ 39.Kf1 Qa1+  0-1

[Event "BL9798 (Women)"]
[Site "Germany"]
[Date "1997.??.??"]
[Round "?.2"]
[White "Paehtz, Elisabeth"]
[Black "Elschner, Annegret"]
[Result "0-1"]
[WhiteElo "2175"]
[BlackElo "2100"]

1.e4 e6 2.d4 d5 3.Nc3 Nf6 4.e5 Nfd7 5.f4 c5 6.Nf3 Nc6 7.Be3 cxd4 8.Nxd4 Bc5
9.Qd2 O-O 10.O-O-O Rb8 11.h4 a6 12.Rh3 Nxd4 13.Bxd4 b5 14.Kb1 b4 15.Ne2 a5
16.h5 Ba6 17.Rg3 Rc8 18.f5 Kh8 19.Qf4 Bxe2 20.Bxe2 Bxd4 21.Qxd4 Qc7 22.Bd3 Qxe5
23.Qg4 a4 24.f6 Qxf6 25.Qxb4 Nc5 26.Rf3 Nxd3 27.Rdxd3 Qe5 28.Qh4 Qe2 29.c3 Rb8
30.Qb4 Rxb4 31.cxb4 Qe1+ 32.Kc2 Qxb4 33.Rc3 Qb7 34.Rf4 Rb8 35.b3 axb3+ 36.Rxb3 Rc8+
37.Kb2 Qc7 38.Rf1 Qc2+  0-1

[Event "BL2-N9697"]
[Site "Germany"]
[Date "1997.??.??"]
[Round "?.5"]
[White "Plump, Detlef"]
[Black "Schian, Thomas"]
[Result "1/2-1/2"]
[WhiteElo "2245"]
[BlackElo "2290"]

1.e4 e6 2.d4 d5 3.Nc3 Nf6 4.e5 Nfd7 5.f4 c5 6.Nf3 Nc6 7.Be3 cxd4 8.Nxd4 Bc5
9.Qd2 O-O 10.O-O-O a6 11.g4 Bxd4 12.Bxd4 b5 13.Bg2 b4 14.Ne2 a5 15.Kb1 Ba6
16.Rhe1 Qc7 17.b3 Bxe2 18.Rxe2 Nxd4 19.Qxd4 Rac8 20.f5 Rfe8 21.f6 gxf6 22.exf6 Qc3
23.g5 Qxd4 24.Rxd4 Kh8 25.h4 Nb6 26.Rd3 Na8 27.Kb2 Nc7 28.c4 bxc3+ 29.Rxc3 Nb5
30.Rxc8 Rxc8 31.Rc2 Rxc2+ 32.Kxc2 h6 33.Bf1 Nd6 34.Bd3 e5 35.a3 e4 36.Be2 hxg5
37.hxg5 d4 38.Bh5 Kg8 39.g6 fxg6 40.Bxg6 Kf8 41.b4 axb4 42.axb4 Kg8  1/2-1/2

[Event "Landesliga Nord 9697 Bayern"]
[Site "Germany"]
[Date "1997.??.??"]
[Round "?"]
[White "Karlik, Jiri"]
[Black "Wiemer, Peter"]
[Result "1-0"]
[WhiteElo "2305"]
[BlackElo "2190"]

1.e4 e6 2.d4 d5 3.Nc3 Nf6 4.e5 Nfd7 5.f4 c5 6.Nf3 Nc6 7.Ne2 Qb6 8.c3 Be7
9.Qb3 O-O 10.Be3 Na5 11.Qxb6 axb6 12.Nc1 Nc4 13.Bxc4 dxc4 14.Nd2 b5 15.dxc5 Nxc5
16.Bxc5 Bxc5 17.Ke2 b6 18.Nf3 Bb7 19.Rd1 f6 20.exf6 gxf6 21.b4 Be7 22.Rd7 Bxf3+
23.Kxf3 Kf7 24.Ne2 Rfd8 25.Rad1 Rxd7 26.Rxd7 Rxa2 27.Rb7 Ra3 28.g4 h6 29.h4 Ke8
30.Ke4 Ra1 31.Nd4 Re1+ 32.Kf3 e5 33.fxe5 fxe5 34.Nf5 Bf8 35.g5 hxg5 36.hxg5 Rg1
37.Ng3 Rc1 38.g6 Rxc3+ 39.Kg4 Rd3 40.Nf5 Rd4+ 41.Nxd4 exd4 42.Kf3 c3 43.g7  1-0

[Event "Oberliga Nord N9798"]
[Site "Germany"]
[Date "1997.??.??"]
[Round "?"]
[White "Voigt, Martin"]
[Black "Putzbach, Gerd"]
[Result "1/2-1/2"]
[WhiteElo "2250"]
[BlackElo "2265"]

1.e4 e6 2.d4 d5 3.Nc3 Nf6 4.e5 Nfd7 5.f4 c5 6.Nf3 Nc6 7.Be3 cxd4 8.Nxd4 Nc5
9.Qd2 Bd7 10.O-O-O a6 11.Qf2 Qa5 12.Kb1 Rc8 13.Bd3 Nxd4 14.Bxd4 Bb5 15.f5 Bxd3
16.cxd3 Rc6 17.Rhf1 Be7 18.fxe6 Nxe6 19.Qxf7+ Kd7 20.Qf2 Qb4 21.Ne2 Rhc8
22.Qf3 Qb5 23.Qg4 h5 24.Qh3 g5 25.Bc3 g4 26.Qxh5 Rxc3 27.Nxc3 Rxc3 28.Rf7 Qa4
29.Rc1 Rxc1+ 30.Kxc1 Qd4 31.Qf5 Qg1+ 32.Qf1 Qe3+ 33.Kb1 Qxe5 34.h3 g3 35.a3 Kd6
36.Ka2 b5 37.Rf5 Qd4 38.Qf3 Bh4 39.Rh5 Bf6 40.Qxg3+ Be5 41.Rxe5 Qxe5 42.Qg8 Qg7
43.Qa8 Nc7 44.Qd8+ Kc6 45.g4 Kc5 46.h4 Kd4 47.h5 Kxd3 48.h6 Qf7 49.Qc8 d4+
50.Kb1 Qf1+ 51.Ka2 Nd5 52.h7 Nc3+ 53.bxc3 Qe2+ 54.Ka1 Qe1+ 55.Ka2 Qd2+ 56.Ka1 Qc1+
57.Ka2 dxc3 58.Qd7+ Ke2 59.Qe6+ Kf2 60.Qf5+ Kg3 61.Qe5+ Kf3 62.Qd5+ Kf2 63.Qd4+ Kg2
64.Qe4+ Kf2 65.Qb1 Qd2+ 66.Kb3 a5 67.Qf5+ Kg2 68.Qxb5 Qb2+ 69.Ka4 Qc2+ 70.Qb3 Qxh7
71.Qxc3 Qe4+ 72.Kxa5 Qxg4 73.a4 Qf5+ 74.Kb6 Qb1+ 75.Kc5 Qf5+ 76.Kb4 Qb1+
77.Ka3  1/2-1/2

[Event "Oberliga Ost B9798"]
[Site "Germany"]
[Date "1997.??.??"]
[Round "?.1"]
[White "Brueggemann, Joachim"]
[Black "Klingelhoefer, Stefan"]
[Result "1-0"]
[WhiteElo "2310"]
[BlackElo "2305"]

1.e4 e6 2.d4 d5 3.Nc3 Nf6 4.e5 Nfd7 5.f4 c5 6.Nf3 Nc6 7.Be3 a6 8.Qd2 b5 9.Qf2 Qb6
10.Bd3 Bb7 11.O-O cxd4 12.Nxd4 Nxd4 13.Bxd4 Qxd4 14.Qxd4 Bc5 15.Ne2 Rc8 16.b4 Bxd4+
17.Nxd4 Nb6 18.f5 Ke7 19.Rf4 Rcf8 20.fxe6 fxe6 21.Rxf8 Rxf8 22.Bxh7 Rf4 23.c3 Nc4
24.a4 bxa4 25.Rxa4 Rh4 26.Bc2 Rh5 27.b5 a5 28.Bb3 Rxe5 29.Bxc4 dxc4 30.Rxc4 Kd6
31.Kf2 Rc5 32.Ra4 Rxc3 33.Rxa5 Kc5 34.Nxe6+ Kb6 35.Ra2 Bd5 36.Re2 Bc4 37.Re5 Rc2+  1-0

[Event "NRW-Liga 9798"]
[Site "Germany"]
[Date "1997.??.??"]
[Round "4"]
[White "Matthias, Heiner"]
[Black "Haub, Thorsten Michael"]
[Result "1-0"]
[WhiteElo "2355"]
[BlackElo "2435"]

1.e4 e6 2.d4 d5 3.Nc3 Nf6 4.e5 Nfd7 5.f4 c5 6.Nf3 Nc6 7.Be3 a6 8.Qd2 b5 9.dxc5 Nxc5
10.Qf2 Nd7 11.Bd3 Nb4 12.O-O Nxd3 13.cxd3 g6 14.Ne2 Bg7 15.Ned4 O-O 16.Nc6 Qe8
17.Rac1 Bb7 18.Na5 Bc8 19.Rc7 f6 20.exf6 Bxf6 21.Nc6 Rf7 22.Bd4 Qf8 23.Bxf6 Nxf6
24.Rxf7 Qxf7 25.Qb6 Bd7 26.Nfe5 Qe8 27.Rc1 Bxc6 28.Rxc6 Nd7 29.Nxd7 Qxd7
30.Rc7 Qe8 31.Qc5 Qf8 32.Qc6 Re8 33.Qd7  1-0

[Event "Hafnarfjordur"]
[Site "Hafnarfjordur"]
[Date "1997.??.??"]
[Round "2"]
[White "Gunnarsson, Jon Viktor"]
[Black "Brynell, Stellan"]
[Result "0-1"]
[WhiteElo "2315"]
[BlackElo "2465"]

1.e4 e6 2.d4 d5 3.Nc3 Nf6 4.e5 Nfd7 5.f4 c5 6.Nf3 Nc6 7.Be3 cxd4 8.Nxd4 Bc5
9.Qd2 O-O 10.Be2 a6 11.O-O-O Bxd4 12.Bxd4 b5 13.Bf3 b4 14.Ne2 a5 15.Kb1 Ba6
16.Nc1 Nxd4 17.Qxd4 Qc7 18.Rhe1 Rfc8 19.Rd2 Nb6 20.Nd3 Bxd3 21.cxd3 Na4 22.g4 Ra6
23.Qe3 Rc6 24.Rg2 Rc2 25.Qg1 Nxb2  0-1

[Event "Hafnarfjordur"]
[Site "Hafnarfjordur"]
[Date "1997.??.??"]
[Round "4"]
[White "Thorhallsson, Throstur"]
[Black "Brynell, Stellan"]
[Result "1/2-1/2"]
[WhiteElo "2510"]
[BlackElo "2465"]

1.e4 e6 2.d4 d5 3.Nc3 Nf6 4.e5 Nfd7 5.f4 c5 6.Nf3 Nc6 7.Be3 cxd4 8.Nxd4 Bc5
9.Qd2 O-O 10.O-O-O a6 11.h4 Bxd4 12.Bxd4 b5 13.Rh3 b4 14.Na4 Nxd4 15.Qxd4 f6
16.Rg3 Qc7 17.Qxb4 fxe5 18.Qe7 Rf7 19.Qxe6 exf4 20.Rc3 Nf6 21.Qb6 Qe7 22.Qc6 Bb7
23.Qc5 Ne4 24.Qxe7 Rxe7 25.Rf3 Rf8 26.Rd4 h6 27.Nc3 Nxc3 28.Rxc3 Re1+ 29.Rd1 Re3
30.Rd4 Re1+ 31.Rd1 Re3 32.Rd4 Re1+  1/2-1/2

[Event "SWE-ch"]
[Site "Haninge"]
[Date "1997.??.??"]
[Round "4"]
[White "Laveryd, Peter"]
[Black "Brynell, Stellan"]
[Result "1-0"]
[WhiteElo "2390"]
[BlackElo "2445"]

1.e4 e6 2.d4 d5 3.Nc3 Nf6 4.e5 Nfd7 5.Nce2 c5 6.c3 Nc6 7.f4 Qb6 8.Nf3 Be7
9.a3 O-O 10.b4 cxb4 11.axb4 f6 12.Ng3 Qc7 13.Ra2 f5 14.Bd3 Nb6 15.Nf1 Bd7
16.Ne3 a6 17.g4 Na7 18.gxf5 Qxc3+ 19.Kf2 exf5 20.Rc2 Qxb4 21.Rb2 Qa5 22.Bd2 Qa3
23.Rxb6 Qxd3 24.Rxb7 Rf7 25.Rxd7 Bh4+ 26.Nxh4 Rxd7 27.Bb4 Qe4 28.Qf3 Nc6
29.Qxe4 dxe4 30.Bc5 g6 31.e6 Rxd4 32.Bxd4 Nxd4 33.e7 Kf7 34.Nd5 Rb8 35.Rc1 Rb2+
36.Ke3 Rc2 37.Rb1 Nc6 38.Rb6 Nxe7 39.Rb7 Ke6 40.Nxe7 Rxh2 41.Nexg6 hxg6 42.Nxg6 Rh3+
43.Kd4 Rd3+ 44.Kc4 Ra3 45.Rb6+ Kf7 46.Ne5+ Ke7 47.Nc6+ Kf7 48.Kd5 e3 49.Ne5+ Kg7
50.Rb7+ Kg8 51.Rb2 a5 52.Kd4 a4 53.Nc4 Ra1 54.Nxe3 a3 55.Rb8+ Kf7 56.Nc2 Ra2
57.Kd3 Kg6 58.Rb3 Kh5 59.Rxa3 Rb2 60.Ne3 Rf2 61.Ra4 Kg6 62.Rb4 Ra2 63.Rb6+ Kh5
64.Rf6 Kh4 65.Rg6 Ra3+ 66.Ke2 Kh5 67.Rg5+ Kh6 68.Nxf5+ Kh7 69.Ne3 Kh6 70.Nf5+ Kh7
71.Rg7+ Kh8 72.Rb7 Kg8 73.Ne3 Kf8 74.Kf3 Ke8 75.Ke4 Kf8 76.f5 Ra1 77.Nc4 Ra2
78.Ke5  1-0

[Event "SWE-ch qualA"]
[Site "Haninge"]
[Date "1997.??.??"]
[Round "12"]
[White "Ask, Josef"]
[Black "Sundell, Bo"]
[Result "0-1"]
[WhiteElo "2050"]
[BlackElo "2195"]

1.e4 e6 2.d4 d5 3.Nc3 Nf6 4.e5 Nfd7 5.Nce2 c5 6.c3 Nc6 7.a3 Be7 8.Nf4 Qa5
9.Bd2 Qb6 10.Be3 Qxb2 11.Nge2 cxd4 12.Nd3 Qb6 13.cxd4 O-O 14.Ndf4 Na5 15.Ng3 Qb3
16.Qc1 Qa4 17.Bd3 Nb3 18.Qd1 Qa5+ 19.Kf1 Nxa1 20.Qh5 f5 21.Nxe6 Nc2 22.Bxc2 Qa6+
23.Ne2 Qxe6 24.g4 Qg6 25.Qxg6 hxg6 26.Nf4 Bxa3 27.gxf5 Nb6 28.f6 gxf6 29.Nxg6 Kf7
30.h4 Rg8 31.h5 Nc4 32.Bf4 Be6 33.Rg1 f5 34.Rh1 Bb2 35.Bg5 Bxd4 36.Bf6 a5
37.h6 Rxg6 38.h7 Rxf6 39.h8=Q Rxh8 40.Rxh8 Bxe5 41.Rh7+ Kg6 42.Rxb7 Rf7  0-1

[Event "Helsinki We G"]
[Site "Helsinki"]
[Date "1997.??.??"]
[Round "3"]
[White "Kilpela, Panu"]
[Black "Seppanen, Asko"]
[Result "0-1"]
[WhiteElo "2220"]
[BlackElo "2235"]

1.e4 e6 2.d4 d5 3.Nc3 Nf6 4.e5 Nfd7 5.Nce2 c5 6.c3 Nc6 7.Nf3 cxd4 8.cxd4 Be7
9.g3 b5 10.Bg2 a5 11.O-O b4 12.Re1 Ba6 13.h4 Qb6 14.Be3 O-O 15.Nf4 Rfc8 16.Nh2 b3
17.a3 a4 18.Qg4 Nf8 19.Nh5 Ng6 20.Rad1 Na5 21.Bf1 Bxf1 22.Nxf1 Rc2 23.Bc1 Nc4
24.Ne3 Nxe3 25.fxe3 Rac8 26.Rf1 Qc6 27.Qf3 Rf8 28.Nf6+ gxf6 29.exf6 Bd6 30.Qh5 Rc8
31.Qh6 Bf8 32.Qg5 Rxc1 33.Rxc1 Qxc1 34.Rxc1 Rxc1+ 35.Kf2 Rc2+ 36.Kf3 Rxb2  0-1

[Event "HUN-chT2 9798"]
[Site "HUN"]
[Date "1997.??.??"]
[Round "?"]
[White "Bokros, Istvan"]
[Black "Szollosi, Laszlo Jr"]
[Result "1/2-1/2"]
[WhiteElo "2145"]
[BlackElo "2245"]

1.e4 e6 2.d4 d5 3.Nc3 Nf6 4.e5 Nfd7 5.f4 c5 6.Nf3 Nc6 7.Be3 a6 8.Qd2 b5 9.dxc5 Bxc5
10.Bxc5 Nxc5 11.Nd4 Qb6 12.Nxc6 Qxc6 13.Qd4 Rb8 14.a3 Qb6 15.b4 Na4 16.Qxb6 Rxb6
17.Nxa4 bxa4 18.c4 dxc4 19.Bxc4 Ke7 20.O-O Bd7 21.Rfd1 Rc8 22.Rd4 Rbc6 23.Rad1 R8c7
24.Bf1 Rc3 25.Bxa6 Rxa3 26.b5 Rb3 27.Rxa4  1/2-1/2

[Event "ISR-chT"]
[Site "Israel"]
[Date "1997.??.??"]
[Round "2"]
[White "Murrey, Jacob"]
[Black "Zifroni, Dov"]
[Result "1-0"]
[WhiteElo "2420"]
[BlackElo "2490"]

1.e4 e6 2.d4 d5 3.Nc3 Nf6 4.e5 Nfd7 5.f4 c5 6.Nf3 Nc6 7.Be3 a6 8.a3 b5 9.g3 Bb7
10.Bg2 Nb6 11.b3 c4 12.O-O Be7 13.Ne2 Qd7 14.g4 h5 15.h3 hxg4 16.hxg4 f5
17.gxf5 exf5 18.Ng5 Nd8 19.Qe1 Ne6 20.Qg3 g6 21.Kf2 O-O-O 22.Rh1 Rdf8 23.Rh4 Na8
24.Rah1 Rxh4 25.Qxh4 Nac7 26.Qh6 Rg8 27.Qh7 Rg7 28.Qh8+ Qd8 29.Nxe6 Nxe6
30.Qxd8+ Bxd8 31.bxc4 bxc4 32.Nc3 Rd7 33.Rh8 Kc7 34.Re8 Ng7 35.Rg8 g5 36.fxg5 Ne6
37.Bh3 Rh7 38.Kg2 Rh4 39.Kg3 Rxh3+ 40.Kxh3 f4 41.Bf2 Bxg5 42.Kg4 Be7 43.Ne2 Bxa3
44.Nxf4 Nxf4 45.Kxf4 a5 46.Kf5 a4 47.e6 Bc6 48.Kf6  1-0

[Event "Juvenil op"]
[Site "?"]
[Date "1997.??.??"]
[Round "4"]
[White "Martinez, Ingrid"]
[Black "Garcia, J."]
[Result "0-1"]
[WhiteElo "2135"]
[BlackElo "2140"]

1.e4 e6 2.d4 d5 3.Nc3 Nf6 4.e5 Nfd7 5.Qh5 c5 6.Bg5 Qb6 7.O-O-O cxd4 8.Nxd5 exd5
9.e6 Qxe6 10.Nf3 Bb4 11.a3 Ba5 12.b4 Nf6 13.Qh4 Bb6 14.Re1 Ne4 15.Nd2 O-O
16.f3 f5 17.fxe4 fxe4 18.Be7 Nd7 19.Bxf8 Kxf8 20.Bb5 Nf6 21.Rhf1 Bd7 22.Bxd7 Qxd7
23.Qxh7 Qc6 24.Kb1 Rc8 25.Rc1 a5 26.Qh8+ Kf7 27.Qh5+ Kg8 28.Qe2 axb4 29.axb4 Ra8
30.Nb3 Qa4 31.Rcd1 Qa2+ 32.Kc1 d3 33.Rxd3 exd3 34.Qxd3 Qa3+ 35.Kb1 Qxb4 36.h3 Rd8
37.Rxf6 Qe1+ 38.Nc1 gxf6 39.Qg6+ Kf8 40.Qxf6+ Ke8 41.Qxb6 Rd7 42.g4 Qe4 43.Qb5 Qc4
44.Qb6 Rf7 45.Qe6+ Re7 46.Qg6+ Kd8 47.Qb6+ Kc8 48.Nd3 d4 49.g5 Rc7 50.Qb2 Rh7
51.Qb4 Qxb4+ 52.Nxb4 Rxh3 53.g6 Rg3 54.Nd5 Kd7 55.Nf4 Rg4 56.Ne2 Kd6 57.Kb2 Ke5
58.Nc1 Rxg6 59.Nd3+ Kd6 60.Kb3 Rg2 61.Kb2 Rd2 62.Nb4 Kc5 63.Kb3 Rd1 64.Na2 Rb1+
65.Ka3 b5  0-1

[Event "Klatovy op-A"]
[Site "Klatovy"]
[Date "1997.??.??"]
[Round "?"]
[White "Brom, Jiri"]
[Black "Kovar, Petr"]
[Result "1-0"]
[WhiteElo "2035"]
[BlackElo "1930"]

1.e4 e6 2.d4 d5 3.Nc3 Nf6 4.e5 Nfd7 5.f4 b6 6.Nf3 Ba6 7.Bxa6 Nxa6 8.O-O c5
9.Qe2 Nc7 10.Be3 g6 11.Rae1 c4 12.Nd1 b5 13.c3 Nb6 14.Bd2 Nc8 15.Ne3 h5 16.g3 Ne7
17.Nh4 Nf5 18.Nhxf5 gxf5 19.Rf2 Be7 20.Rg2 Kd7 21.h4 Qc8 22.Rb1 Qa6 23.Ra1 Qa4
24.Kh2 b4 25.cxb4 Bxb4 26.Bxb4 Qxb4 27.Qc2 Nb5 28.Nxd5 exd5 29.Qxf5+ Ke8
30.Qf6 Rf8 31.Qc6+ Ke7 32.Qb7+ Ke6 33.f5+ Kxf5 34.Qxd5 Rad8 35.Rf1+ Kg6 36.Rf6+ Kg7
37.Qf3 Nc7 38.Qxh5 Ne6 39.Rgf2 Rd7 40.Qg4+ Kh7 41.d5  1-0

[Event "Klatovy op-A"]
[Site "Klatovy"]
[Date "1997.??.??"]
[Round "?"]
[White "Buldrova, Monika"]
[Black "Cecil, Pavel"]
[Result "1/2-1/2"]
[WhiteElo "1795"]
[BlackElo "1990"]

1.e4 e6 2.d4 d5 3.Nc3 Nf6 4.e5 Nfd7 5.f4 c5 6.Nf3 cxd4 7.Nxd4 Nc6 8.Be3 Qb6
9.Na4 Qa5+ 10.Nc3 Bb4 11.Nb3 Qd8 12.Qd2 b6 13.a3 Be7 14.Bb5 Bb7 15.Nd4 Nxd4
16.Bxd4 O-O 17.O-O Nc5 18.Rad1 a6 19.Be2 Qc7 20.Kh1 g6 21.Qe3 Rfd8 22.Qg3 Ne4
23.Nxe4 dxe4 24.c4 Bc6 25.Qe3 Rab8 26.b4 a5 27.c5 bxc5 28.Bxc5 axb4 29.axb4 Bd5
30.Bxe7 Qxe7 31.b5 Qb7 32.Rc1 Rdc8 33.h3 Ra8 34.Rxc8+ Qxc8 35.Rc1 Qb7 36.Qc5 Ra2
37.Rc2 Rxc2 38.Qxc2 Qa7 39.Bf1 Qa1 40.Qe2 Qd4 41.Kh2 e3 42.g3 Kf8 43.Qd3 Qb2+
44.Qe2 Qd2 45.Qxd2 exd2 46.Be2 Bc4 47.Bd1 Bxb5 48.Kg1  1/2-1/2

[Event "Klatovy op-A"]
[Site "Klatovy"]
[Date "1997.??.??"]
[Round "?"]
[White "Szarowski, D."]
[Black "Cecil, Pavel"]
[Result "0-1"]
[WhiteElo "1905"]
[BlackElo "1990"]

1.e4 e6 2.d4 d5 3.Nc3 Nf6 4.e5 Nfd7 5.Nf3 b6 6.Bd3 Ba6 7.O-O Bxd3 8.Qxd3 Be7
9.Ne2 c5 10.c3 Nc6 11.Ng3 O-O 12.Be3 Rc8 13.Rac1 Qe8 14.Ng5 Bxg5 15.Bxg5 f6
16.exf6 Nxf6 17.dxc5 bxc5 18.f4 Qf7 19.Bxf6 gxf6 20.f5 e5 21.Rce1 e4 22.Qd1 Ne5
23.Re3 Kh8 24.Nh5 Rg8 25.Nf4 Rcd8 26.Ne6 Rb8 27.Qxd5 Rxb2 28.Rg3 e3 29.Re1 Rd2
30.Qe4 Rxa2 31.Rexe3 c4 32.Rxg8+ Qxg8 33.Rg3 Qb8 34.h3 Nd3 35.Qg4 Ra1+ 36.Kh2 Rh1+
37.Kxh1 Nf2+ 38.Kg1 Nxg4 39.Rxg4 Qb1+ 40.Kh2 Qxf5 41.Nd8 h5 42.Nf7+ Kh7 43.Rxc4 Kg6
44.Nd8 Qd3 45.Rc8 Qd7 46.Ra8 a5 47.Kh1 Qd5 48.Rc8 a4 49.c4 Qd1+ 50.Kh2 a3
51.Ra8 Qd6+ 52.Kh1 Kf5 53.Ra5+ Ke4 54.Nb7 Qb4 55.c5 a2 56.c6 Qxa5 57.Nxa5 a1=Q+  0-1